Not My Movie Chain III Quiz Stats

 Plays Quiz Updated Jan 22, 2017

Support Sporcle.
Go Orange.
Score 0/12 Timer 05:00
0 Plays Today
Question Answer Wrong Answers
Which movie did not star Adam Sandler? Paths of Glory
92.9%
Big Daddy
1.7%
Happy Gilmore
1.1%
The Waterboy
1.8%
Which movie did not star Will Smith? The Italian Job
89.9%
Independence Day
0.7%
Six Degrees of Separation
4.2%
Hitch
0.8%
Which movie did not star Anne Hathaway? Almost Famous
80.8%
Bride Wars
6.7%
Les Misérables
3.4%
The Intern
8.8%
Which movie did not star Julie Andrews? Ella Enchanted
76.1%
The Princess Diaries
9.7%
The Sound of Music
2.3%
Victor Victoria
11.7%
Which movie did not star Tommy Lee Jones? Wild Wild West
71.1%
No Country for Old Men
10.1%
Space Cowboys
12.5%
Men in Black
1.9%
Which movie did not star Sally Field? The Fugitive
70.4%
Mrs. Doubtfire
6.7%
Lincoln
10.3%
Norma Rae
8.3%
Which movie did not star Jason Lee? Fargo
69.7%
Alvin and the Chipmunks
10.9%
Chasing Amy
8.6%
A Guy Thing
9.3%
Which movie did not star Robin Williams? Punchline
68.8%
Dead Poets Society
1.5%
Good Will Hunting
1.7%
Insomnia
24.2%
Which movie did not star Charlize Theron? Shrek 2
62.4%
Mad Max: Fury Road
5.1%
Snow White and the Huntsman
4.6%
Kubo and the Two Strings
23.3%
Which movie did not star Charlton Heston? Moscow on the Hudson
54.2%
The Greatest Story Ever Told
14.8%
Planet of the Apes
5.5%
Soylent Green
21.7%
Which movie did not star Steve Buscemi? Anger Management
50.2%
Reservoir Dogs
5.9%
Grown Ups
34.1%
The Big Lebowski
7.8%
Which movie did not star Kirk Douglas? Ben-Hur
37.5%
Lust for Life
21.1%
Spartacus
5.8%
Greedy
32.4%

You're not logged in!

Compare scores with friends on all Sporcle quizzes.
OR
Log In
Forgot?

From the Vault

Double-Named Biblical Characters

by csl

Double the fun or double the confusion?
Remove Ads.
Support Sporcle.
Get the best of Sporcle when you Go Orange. This ad-free experience offers more features, more stats, and more fun while also helping to support Sporcle. Thank you for becoming a member.

Show Comments

Extras

Top Quizzes Today


Score Distribution

Your Account Isn't Verified!

In order to create a playlist on Sporcle, you need to verify the email address you used during registration. Go to your Sporcle Settings to finish the process.

Report this User

Report this user for behavior that violates our Community Guidelines.

Details: